[Event "Presov 2nd"]
[Site "Presov"]
[Date "2000.08.17"]
[Round "6"]
[White "Krush, Irina"]
[Black "Shcherbakov, Ruslan"]
[Result "0-1"]
[WhiteElo "2354"]
[BlackElo "2558"]
[Annotator "Stohl,I"]
[PlyCount "126"]
[EventDate "2000.08.12"]
[EventType "tourn"]
[EventRounds "9"]
[EventCountry "SVK"]
[EventCategory "10"]
[SourceTitle "CBM 079"]
[Source "ChessBase"]
[SourceDate "2000.11.21"]
[SourceVersion "1"]
[SourceVersionDate "2000.11.21"]
[SourceQuality "1"]

1. d4 Nf6 2. c4 c5 3. d5 e6 4. Nc3 exd5 5. cxd5 d6 6. e4 g6 7. Nf3 a6 8. a4 Bg4
9. Be2 Bxf3 10. Bxf3 Nbd7 11. O-O Bg7 12. Bf4 Qe7 13. Qc2 (13. a5 $142 O-O 14.
Re1 {gives White more chances to get some advantage.}) 13... O-O 14. h3 Rab8 {
Black has more than one way to get a satisfactory position:} (14... h5 $5 15.
Rfe1 (15. Bh2 Rfe8 16. Rfe1 Nh7 17. g3 h4 18. Bg2 hxg3 (18... Be5 $5 $15) 19.
Bxg3 Nhf6 20. Bh4 Qe5 21. Bg3 Qe7 22. Bh4 Qe5 23. Bg3 {1/2,Yu
Mingyuan-Hardicsay,P/Budapest/1999/}) 15... Rfe8 16. a5 Nh7 17. Bh2 Be5 18. Be2
Bxh2+ 19. Kxh2 Qe5+ 20. Kh1 Ndf6 21. Bd3 g5 22. Na4 Nd7 23. Re3 Qg7 24. Ra3
Nhf8 25. Rb3 Rab8 26. Be2 h4 27. Nb6 Ne5 28. Nc4 Nxc4 29. Qxc4 Nd7 30. Bg4 Ne5
$15 {Kure,A-Luther,T/Budapest/1989/}) (14... Ne5 15. Be2 Rac8 16. Bxe5 $6 Qxe5
17. Bc4 Rce8 18. Rfe1 Nh5 19. Rad1 Qg5 20. Bf1 Be5 21. Ne2 f5 $40 {[%csl Ge5,
Rf1] ^-,Neubauer,A-Mattick,L/OLNO 9596/1995/}) (14... Rfe8 15. a5 Ne5 16. Be2
Nfd7 17. Rfe1 g5 18. Bd2 Ng6 19. Bf1 Be5 20. Nd1 Bd4 21. Bc3 Nf6 22. Ne3 Nxe4
23. Nf5 Qe5 24. Bxd4 cxd4 25. Nh6+ Kg7 26. f3 Kxh6 27. fxe4 Qg3 $19 {Byrn,
C-Hoi,C/Copenhagen/1998/}) 15. a5 (15. Be2 Ne8 16. a5 Nc7 17. Bg3 b5 18. axb6
Rxb6 19. f4 f5 20. exf5 gxf5 21. Bf3 Qf6 22. Rfe1 Rfb8 23. Ra2 Nf8 $11 {
Meduna,E-Kovacevic,S/Bad Woerishofen/1988/}) 15... Ne8 (15... Rfe8 16. Ra4 h5
17. Rb1 Nh7 18. Qd2 Bf6 19. Be2 Ng5 20. f3 Nh7 21. Be3 Be5 22. f4 Bxc3 $1 23.
bxc3 b5 24. axb6 Nxb6 25. Rxa6 Nc4 $17 {Van Buskirk,C-Gurevich,D/Los Angeles/
1987/}) 16. Rfe1 Nc7 17. Be2 b5 $146 (17... Bd4 18. Bf1 b5 19. axb6 Rxb6 20.
Be3 Rfb8 21. Bxd4 cxd4 22. Na4 R6b7 23. b3 Qf6 24. Rac1 Ne5 25. Qd2 g5 26. Red1
Nb5 $13 {Razuvaev,Y-Tseshkovsky,V/URS-ch sf Ashkhabad/1978/}) (17... b6 $5 {
/\ba5,<->b}) 18. Bh2 {[%mdl 32]} ({More logical was} 18. axb6 Rxb6 19. Ra2 Rfb8
$132 {White chooses a more ambitious plan-keeping the << closed and gradual
preparation of a [+]P advance.}) 18... Bd4 (18... c4 $5 {[%cal Rd7c5,Rc5b3] /
\Nc5-b3|^}) 19. Bf1 Rfe8 20. Rad1 Rbc8 21. Ne2 Bg7 22. Nc1 Qf8 (22... h5 $5 $15
) 23. Nd3 Bd4 24. Kh1 Nf6 25. f3 h5 26. b4 $1 $132 c4 (26... cxb4 27. Qb3 Bc3
28. Re2 {/\Nb4+/-}) 27. Nc1 Ba7 28. Na2 h4 29. g4 $1 hxg3 30. Bxg3 $13 Nh5 31.
Bh2 Rcd8 (31... g5 32. Qg2 f6 33. f4 $36) (31... Qe7 $5 {[%csl Rh1][%cal Yg5h4,
Ye7g5] /\Qg5,Qh4,עh1}) 32. Nc3 Qg7 (32... Qh6 33. Qd2 Qxd2 34. Rxd2 {[%cal
Yf3f4,Ye4e5] /\f4,e5|^[+]}) 33. Bg2 Qf6 34. Ne2 Qh4 {Black can't maintain the
dark-square blockade and the position remains unclear.} (34... Be3 35. f4 Bxf4
(35... Nxf4 36. Rf1 g5 37. Rf3 $16) 36. Nxf4 Nxf4 37. Rf1 g5 38. h4 $40) 35. f4
Re7 36. Rf1 Ne8 (36... Rde8 37. f5 $1 gxf5 38. Bxd6 Rxe4 39. Nc3 $1 $16) 37.
Qc3 Neg7 38. Nd4 Bxd4 39. Rxd4 Rde8 40. f5 Re5 $2 {[%mdl 8192]} (40... gxf5
$142 41. Bxd6 (41. exf5 Qf6 $15) (41. e5 f4 $1 42. exd6 (42. Bxf4 Nf5 $19)
42... Re3 $40) 41... fxe4 42. Re1 (42. Bxe7 $5 Ng3+ 43. Qxg3 $8 Qxg3 44. d6 Qe3
45. Rd5 $44) 42... f5 $5 (42... Nf5 43. Bxe7 Qg3 44. Qxg3+ Nhxg3+ 45. Kh2 Rxe7
(45... Nxd4 46. d6 $18) 46. Rdd1 $16) 43. Bxe7 Rxe7 $44) 41. f6 $1 Nxf6 $8 42.
Rf4 Qg5 (42... Nxe4 43. Rdxe4 Qh5 44. Rxe5 $18) 43. h4 $18 {White wins a piece,
but surprisingly this is not the end of the game.} Qh6 44. Rxf6 Qxh4 45. Rf4
Qh6 46. Kg1 Rh5 47. Bg3 Ree5 48. Rf1 (48. Rf3 $142 Reg5 49. Qd2 $18) 48... Reg5
49. Rf3 (49. Bf4 $2 Rh1+ 50. Kf2 Qh4+ 51. Bg3 Rxf1+ 52. Bxf1 Rxg3 53. Qxg3 Qf6+
54. Ke3 Qxf1 $36) 49... Rg4 50. e5 $5 (50. Bxd6 $2 Rh1+ 51. Kf2 Rc1 52. Qd2
Rxg2+ 53. Kxg2 Qh1+) (50. Qd2 Rhg5 51. e5 Rxd4 52. Qxd4 Nf5 53. Qd2 $16) 50...
Rxg3 (50... Rxd4 51. Qxd4 Nf5 52. Qf4 Qxf4 53. Bxf4 dxe5 54. Bxe5 Nh4 55. Rh3
Rxe5 56. Rxh4 $16 {/+-}) 51. Rxg3 Nf5 52. exd6 $6 (52. Re4 Nxg3 53. Qxg3 $18)
52... Nxg3 53. Qxg3 Qc1+ 54. Bf1 $8 (54. Kf2 $2 Qb2+ 55. Kf1 Qa1+ 56. Ke2 Qxd4
57. d7 Re5+ $19) 54... Rf5 55. Qh3 Rh5 56. Rh4 $2 {[%mdl 8192]} (56. Qg3 Rf5
57. Qh3 $11) (56. Qf3 $5 Rf5 57. Qe2 Qc3 (57... Rg5+ 58. Rg4 $18) 58. Rd1 {/\}
Qxb4 59. d7 Qc5+ 60. Kh1 Qd6 61. Bh3 $1 Rxd5 62. Bg4 $1 $18) 56... Qg5+ 57. Qg4
$8 c3 $1 $19 58. Bd3 (58. Qxg5 Rxg5+ 59. Kf2 c2 60. d7 Rxd5 $19) (58. d7 c2 59.
d8=Q+ Qxd8 60. Rxh5 c1=Q $19) 58... Qe3+ 59. Kh1 (59. Kg2 Qd2+ $1 60. Kg1 Qe1+
$19) (59. Kf1 Qxd3+ $19) 59... Qe1+ 60. Kg2 Rxh4 61. Qg3 (61. Qe2 Qh1+ 62. Kg3
Qh3+ 63. Kf2 Qh2+ 64. Kf1 Qh1+ 65. Kf2 Rh2+ $19) (61. Qc8+ Kg7 62. d7 Rg4+ 63.
Kf3 Rg3+ 64. Kf4 Qe3#) 61... Qh1+ 62. Kf2 Rh2+ 63. Ke3 Rh3 0-1